Introducción a la investigación en ciencias de la salud (Registro nro. 6108)

Detalles MARC
000 -Cabecera (24)
Campo de control interno 01108nam a22002894a 4500
001 - Número de control
Campo de control PE-BaUNAB
005 - Fecha y hora de la
Campo de control 20260701155550.0
006 - ELEMENTOS DE DATOS DE LONGITUD FIJA - CARACTERÍSTICAS ADICIONALES DEL MATERIAL - INFORMACIÓN GENERAL
Campo de control de longitud fija a||||gr|||| 001 0
007 - Tipo material - Descripcion fisica - info general
Tipo material ta
008 - Códigos de longitud fija (40p)
Campo de control de longitud fija t pe gr 00| 0 spa d
017 ## - Depósito legal
Depósito legal B.4.120-2021
020 ## - INTERNATIONAL STANDARD BOOK NUMBER
ISBN 9788491139324
040 ## - Origen de la Catalogacion
Origen de la Catalogacion PE-BaUNAB
041 ## - Código de idioma
Código de lengua del texto/banda sonora o título independiente (R) spa
043 ## - Pais ISO
País ISO per
082 ## - Número de clasificación
Clasificación 21 001.42
100 ## - Autor personal
Autor personal Polgar, Stephen
Rol de la persona Autor
9 (RLIN) 13818
245 ## - Titulo
Titulo Introducción a la investigación en ciencias de la salud
260 ## - Pie de imprenta
Ciudad Barcelona, España :
Nombre de la editorial ELSEVIER,
Año 2021.
300 ## - Descripción física
Extensión 214 Páginas
Dimensiones 23.5 cm
505 ## - Nota de contenido
Nota de contenido I. Fundamentos metodológicos de investigación sanitaria 2. Planificación de la investigación 3. Diseños de investigación 4. Recopilación de datos 5. Estadística descriptiva 6. Análisis de datos e inferencia 7. Evaluación y divulgación de los resultados de las investigaciones
650 ## - Temas - Descriptores
Temas - Descriptores METODOS DE INVESTIGACIÓN
9 (RLIN) 11968
650 ## - Temas - Descriptores
Temas - Descriptores INVESTIGACIÓN SANITARIA
9 (RLIN) 13819
650 ## - Temas - Descriptores
Temas - Descriptores INVESTIGACIÓN OPERATIVA
9 (RLIN) 11305
700 ## - Asiento secundario - Autor personal
Autor Personal Shane Thomas
9 (RLIN) 13820
942 ## - Datos personalizados Koha
Fuente de clasificación Dewey Decimal Classification
Tipo de Documento Libros
Fecha procesamiento 2026-07-01
Catalogador LRM
Existencias
Fuente de Clasificacion Colección Ubicacion permanente Ubicacion actual Prestamos Signatura Código de barras Ultima fecha de verificacion Tipo de ítem Ejemplar
Dewey Decimal Classification Enfermeria UNAB UNAB   21 001.42 P01411 01L000008400 07/01/2026 Libros  
Dewey Decimal Classification Enfermeria UNAB UNAB   21 001.42 P01411 01L000008401 07/01/2026 Libros ej.2
Dewey Decimal Classification Enfermeria UNAB UNAB   21 001.42 P01411 01L000008402 07/01/2026 Libros ej.3

CIUDAD UNIVERSITARIA

Av. Toribio de Luzuriaga N° 379, Mz. J
Urbanización La Florida del Distrito y Provincia de Barranca
Numero (01) 735 - 6318

OFICINA ADMINISTRATIVA

Jr. Gálvez N° 557 - Barranca Numero: (01) 235 - 5815 Email: biblioteca@unab.edu.pe

Soporte técnico - Bibliolatino.com

Web Analytics Made Easy - Statcounter
Nos visitan